Casos prc̀ticos de Derecho

Detalles Bibliográficos
Autor Corporativo: Bufete Jurd̕ico Lled ̤y Asociados
Formato: Desconocido
Lenguaje:español
Publicado: [Bilbao?] : Bufete Jurd̕ico Lled ̤Asociados, 2007
Materias:
Acceso en línea:Acceso restringido

MARC

LEADER 00000ny a22000003n 4500
005 20110614113314.0
008 071010s2007 sp s 000 0 spa d
035 |a 360 
040 |a UCN  |d vLex 
090 |c 651  |d 651 
245 0 0 |a Casos prc̀ticos de Derecho  |h [Recurso electrn̤ico] 
256 |a Servicio en ln̕ea. 
260 |a [Bilbao?] :  |b Bufete Jurd̕ico Lled ̤Asociados,  |c 2007 
300 |a 1 v. (pag. var.) 
506 1 |a Contenido solo disponible en los productos indicados  |d vLex Global  |d vLex Global (Academic Edition, excluding Law Schools)  |d vLex Global (U.S. Academic Edition, Law Schools)  |d vLex Global (U.S. Academic Edition, excluding Law Schools)  |d vLex Global (Academic Edition, Law Schools) 
650 0 7 |2 Tesauro vLex  |a Procesal 
710 2 |a Bufete Jurd̕ico Lled ̤y Asociados 
740 0 |a vLex Libros (Servicios en ln̕ea) 
856 4 0 |z Acceso restringido  |u http://vlex.com/source/casos-practicos-derecho-360 
942 |c BOOK 
999 0 |a Procedure (Law)  |b Bilbao